| 000 | 01138 a2200337 4500 | ||
|---|---|---|---|
| 005 | 20240809124949.0 | ||
| 035 | _a3492 | ||
| 040 |
_aUniagraria _bspa _erda |
||
| 082 | 0 | 4 | _a616.96 / V353 |
| 100 | 1 | _aVelez Restrepo, Adolfo | |
| 245 | 1 | 0 | _aGuias en parasitologia veterinaria |
| 250 | _a2a. ed. | ||
| 264 |
_aMedellin : _bExitodinamica, _c1995 |
||
| 300 | _a471 páginas | ||
| 336 |
_atexto _btxt _2rdacontent |
||
| 337 |
_ano mediado _bn _2rdamedia |
||
| 338 |
_avolumen _bnc _2rdacarrier |
||
| 340 | _aPapel | ||
| 505 | 0 | _aGeneralidades de los artropodos, cap. 5 | |
| 505 | 0 | _aGeneralidades de los helmintos, cap. 4 | |
| 505 | 0 | _aGeneralidades de los protozoarios, cap. 6 | |
| 505 | 0 | _aGeneralidades en parasitologia, cap. 1 | |
| 505 | 0 | _aLa coprologia y otras tecnicas de diagnostico, cap. 2 | |
| 505 | 0 | _aManejo y conservacion del equipo y material de laboratorio, cap. 7 | |
| 505 | 0 | _aTecnicas de necropsias (autopsias) y toma de muestras, cap.3 | |
| 650 | 4 | _aParasitologia veterinaria | |
| 650 | 4 | _aParasitos | |
| 650 | 4 | _aParasitos de animales domesticos | |
| 999 |
_c21820 _d21820 |
||